000 00330pab a2200145 454500
008 180718b2001 xxu||||| |||| 00| 0 eng d
100 _aGeorge, Varughese
245 _aGlobalisation and Kerala society
260 _c2001
300 _ap.5-6
362 _a9 Dec
650 _aGlobalization
773 _aJanata
909 _a50906
999 _c50906
_d50906